Historic Handshakes Quiz Stats

Quiz Updated Mar 28, 2016

Challenge
Share
Tweet
Score 0/16 Timer 05:00
2 Plays Today
% Correct
Richard Nixon, Elvis Presley
86.5%
Angela Merkel, Vladimir Putin
86.1%
Kim Jong-il, Vladimir Putin
68.3%
Mikhail Gorbachev, Ronald Reagan
67.4%
Fidel Castro, Pope Benedict XVI
63.9%
Ulysses Grant, Robert E. Lee
62.4%
Neville Chamberlain, Adolf Hitler
59.3%
Winston Churchill, Harry Truman, Joseph Stalin
56.9%
% Correct
Barack Obama, Raul Castro
56.8%
Moammar Gaddafi, Barack Obama
56.7%
Yitzhak Rabin, Yassir Arafat
32.5%
F. W. de Klerk, Nelson Mandela
31.9%
Donald Rumsfeld, Saddam Hussein
31.9%
Anwar Sadat, Menachem Begin
29.2%
Nikita Khrushchev, John F. Kennedy
26.7%
Mahmoud Ahmadinejad, Robert Mugabe
24.4%

You're not logged in!

Compare scores with friends on all Sporcle quizzes.
Join for Free
OR
Log In

You Might Also Like...

Show Comments

Extras

Top Quizzes Today


Score Distribution

Your Account Isn't Verified!

In order to create a playlist on Sporcle, you need to verify the email address you used during registration. Go to your Sporcle Settings to finish the process.

Report this User

Report this user for behavior that violates our Community Guidelines.

Details: